| 000 | 01427cam a22003737a 4500 | ||
|---|---|---|---|
| 003 | CHAP | ||
| 005 | 20220817044033.0 | ||
| 008 | 050810d2001 mx bd r 00110 spa d | ||
| 010 | _a90659 | ||
| 011 | _a91631 | ||
| 020 | _a968856964X | ||
| 035 | _a102192 | ||
| 040 | _cCHAP | ||
| 082 | 0 | 4 |
_a972 _bG8Y |
| 100 | 0 | 0 |
_aGutiérrez Chong, Natividad. _951651 |
| 245 | 1 | 0 |
_aMitos nacionalistas e identidades étnicas: _blos intelectuales indígenas y el Estado mexicano _c/por Natividad Gutiérrez Chong |
| 260 |
_aMéxico, D. F. : _bConsejo Nacional para la Cultura y las Artes, _c2001 |
||
| 300 |
_a293 p. : _bmapas ; cuadros |
||
| 500 | _aTraducción de: Nationalist Myths and Ethnic Identities __Indigenous Intellectuals and the Mexican State, 1ra. ed. 1999. | ||
| 590 |
_aBATCH-UPD _b10 _c20130110 _lUCH01 _h1755 |
||
| 590 |
_aBATCH-UPD _b10 _c20130410 _lUCH01 _h1132 |
||
| 590 |
_aBATCH-UPD _b10 _c20130914 _lUCH01 _h1629 |
||
| 590 |
_aBATCH-UPD _b10 _c20161124 _lUCH01 _h1712 |
||
| 590 |
_aCONVERSION _b10 _c20130109 _lUCH01 _h1350 |
||
| 650 | 1 | 4 |
_aIdentidad. _957290 |
| 650 | 1 | 4 |
_aIndios de México _xEducación. _957628 |
| 650 | 1 | 4 |
_aIndios de México _xPolítica y gobierno. |
| 650 | 1 | 4 |
_aNacionalismo. _980006 |
| 651 | 4 |
_aMéxico _xPolítica y gobierno. _976783 |
|
| 901 | _aBK | ||
| 905 | _aMarco A. Mendoza T. | ||
| 942 | _cLIBRO | ||
| 949 |
_a972 G8Y _bBC _cLIBRO _d33724000976403 _eLIBRO _gI.c/e _h106359 _i102192 _sb _t$165.00 |
||
| 999 |
_c90659 _d90659 |
||